000 00761nam a2200229Ia 4500
003 GCL
008 140319s9999 xx 000 0 ara d
040 _aGCL /
_cGCL
082 0 4 _a953.0962
_bا ح
100 1 _aاحمد الرشيدى
245 1 0 _aحسن الصفا والابتهاج بذكر من ولى امارة الحاج /
_cاحمد الرشيدى
700 1 _aليلى عبد اللطيف احمد (تحقيق)
260 _a[S.N] :
_bمكتبة الخانجى ،
_c1980
300 _a260 ص
490 _a
650 0 4 _aمصر
650 0 4 _aتاريخ
650 0 4 _aالحج
650 0 4 _aالامبراطورية العثمانية
650 0 4 _aالعالم العربى - تاريخ - العصر العثمانى
942 _2ddc
_cBK
999 _c36811
_d36811